La Economía nicaragüense

Tallennettuna:
Bibliografiset tiedot
Aineistotyyppi: Teksti
Tagit: Lisää tagi
Ei tageja, Lisää ensimmäinen tagi!

MARC

LEADER 00000 a a2200000 04500
001 17537
003
040
245 |a La Economía nicaragüense  
773 |g número 41; páginas 644, 645  
999 |c 34594  |d 34594 
773 0 |0 42391  |9 4188  |a Agencia Latinoamericana de Información, ALAI  |d Quito, Ecuador: ALAI  |o 03900  |t ALAI:  |x 08275564 (Servicio mensual de información y documentación)